Art Photography: Still Life.
Still lifes don’t have to be boring. Here, learn how to add layers of intrigue and dynamism to indoor and outdoor still lifes by changing your perspective, shooting through objects, adjusting your depth of field, and other old-fashioned photography principles..
| Corporate Authors: | , |
|---|---|
| Format: | Video |
| Language: | English |
| Language Notes: | In English |
| Published: |
[San Francisco, California, USA] :
The Great Courses,
2015.
Kanopy Streaming, 2016. |
| Subjects: | |
| Online Access: | Connect to this streaming video |
MARC
| Tag | First Indicator | Second Indicator | Subfields |
|---|---|---|---|
| LEADER | 00000cgm a22000004a 4500 | ||
| 001 | in00003751721 | ||
| 006 | m o c | ||
| 007 | cr una---unuuu | ||
| 007 | vz uzazuu | ||
| 008 | 160825p20162015cau031 o vleng d | ||
| 005 | 20260324182110.6 | ||
| 028 | 5 | 2 | |a 1197322 |b Kanopy |
| 035 | |a (OCoLC)956901953 | ||
| 035 | |a (CaSfKAN)kan1197322 | ||
| 040 | |a VDU |b eng |c VDU |d UtOrBLW | ||
| 245 | 0 | 0 | |a Art Photography: Still Life. |
| 264 | 1 | |b The Great Courses, |c 2015. | |
| 264 | 1 | |a [San Francisco, California, USA] : |b Kanopy Streaming, |c 2016. | |
| 300 | |a 1 online resource (streaming video file) (32 minutes): |b digital, .flv file, sound | ||
| 306 | |a 003122 | ||
| 336 | |a two-dimensional moving image |b tdi |2 rdacontent | ||
| 337 | |a computer |b c |2 rdamedia | ||
| 338 | |a online resource |b cr |2 carrier | ||
| 500 | |a Title from title frames. | ||
| 500 | |a Film | ||
| 518 | |a Originally produced by The Great Courses in 2015. | ||
| 520 | |a Still lifes don’t have to be boring. Here, learn how to add layers of intrigue and dynamism to indoor and outdoor still lifes by changing your perspective, shooting through objects, adjusting your depth of field, and other old-fashioned photography principles.. | ||
| 538 | |a Mode of access: World Wide Web. | ||
| 546 | |a In English | ||
| 500 | |a Electronic resource. | ||
| 650 | 0 | |a Photography. |0 http://id.loc.gov/authorities/subjects/sh85101206 | |
| 655 | 7 | |a Internet videos. |2 lcgft |0 http://id.loc.gov/authorities/genreForms/gf2011026337 | |
| 655 | 7 | |a Educational films. |2 lcgft |0 http://id.loc.gov/authorities/genreForms/gf2011026219 | |
| 710 | 2 | |a Great Courses (Firm),$4dst. | |
| 710 | 2 | |a Kanopy (Firm),$4dst. | |
| 856 | 4 | 0 | |u http://proxy.library.tamu.edu/login?url=https://texasam.kanopystreaming.com/node/197323 |z Connect to this streaming video |t 0 |
| 999 | f | f | |s 5d91d5e1-ae49-3201-bf46-4cdf80d39c62 |i cb2afb8d-90cc-331c-8e05-8bb93465ada3 |t 0 |
| 952 | f | f | |a Texas A&M University |b College Station |c Electronic Resources |s www_evans |d Available Online |t 0 |h No information provided |
| 998 | f | f | |t 0 |l Available Online |